Normal view
MARC view
- Industrial management
Entry Topical Term
001 - CONTROL NUMBER
- control field: 21390
003 - CONTROL NUMBER IDENTIFIER
- control field: NUST
005 - DATE AND TIME OF LATEST TRANSACTION
- control field: 20190925124003.0
008 - FIXED-LENGTH DATA ELEMENTS
- fixed length control field: 190925|| aca||aabn | a|a d
040 ## - CATALOGING SOURCE
- Original cataloging agency: NUST
- Transcribing agency: NUST
150 ## - HEADING--TOPICAL TERM
- Topical term or geographic name entry element: Industrial management
- Geographic subdivision: Pakistan
- Form subdivision: Case studies.
670 ## - SOURCE DATA FOUND
- Source citation: Work cat.: (NUST)0: Ahmed, Muntazar Bashir, author. 21388, Casebook on corporate governance and management practices in Pakistani organizations /
